000 00907nam a2200277Ia 4500
003 OSt
005 20221005045246.0
006 a|||||r|||| 00| 0
007 ta
008 221004b |||||||| |||| 00| 0 san d
020 _a9789380864075 (hbk)
_c170
024 _a25374
037 _b9050, 21/12/2015, Chinmaya International Foundation
_cTextual
040 _aCRL
_cCRL
_bsan
041 _2san
_asan
082 _aO15,1NPE,SH, Q2
100 _aMadhusudan
245 0 _aShri kavya kanth charitam
260 _aKeral
_bChinmaya International Foundation Shodha Sansthan India
_c2012
300 _a153p.
_ccm.
490 _aChinmayagranthapushpam; 12
650 _aSANSKRIT LITERATURE
700 _a Rana Dilip Kumar Ed.
942 _hO15,1NPE,SH, Q2
_cTEXL
_2cc
999 _c954691
_d954691